| 000 | 00770cam a2200265 4500 | ||
|---|---|---|---|
| 001 | 8891 | ||
| 003 | BD-RjUL | ||
| 005 | 20211208234656.0 | ||
| 008 | 140119s1968 maua b 000 0 eng | ||
| 035 | _a(BD-RjUL)8936 | ||
| 040 |
_aDLC _cDLC _dDLC _dCIU _dBD-RjUL _beng |
||
| 041 | _aeng | ||
| 082 | 0 | 0 |
_a530.15 _bBUM 1968 |
| 100 | 1 |
_aButkov, Eugene. _927646 |
|
| 245 | 0 | 0 | _aMathematical physics. |
| 260 |
_aReading, Mass., _bAddison-Wesley Pub. Co. _c[1968] |
||
| 300 |
_axi, 735 p. : _billus. ; _c24 cm. |
||
| 490 | 1 | _aAddison-Wesley series in advanced physics | |
| 504 | _aIncludes bibliographies. | ||
| 650 | 0 |
_aMathematical physics. _91138 |
|
| 830 | 0 |
_aA-W series in advanced physics. _926905 |
|
| 942 |
_2ddc _cBK |
||
| 999 |
_c8891 _d8891 |
||